Le marchand de Venise / (Record no. 264817)
[ view plain ]
| 000 -LEADER | |
|---|---|
| fixed length control field | 00689nam a2200229 4500 |
| 001 - CONTROL NUMBER | |
| control field | 000716590 |
| 003 - CONTROL NUMBER IDENTIFIER | |
| control field | AM-YeHGA |
| 005 - DATE AND TIME OF LATEST TRANSACTION | |
| control field | 20250618073722.0 |
| 008 - FIXED-LENGTH DATA ELEMENTS--GENERAL INFORMATION | |
| fixed length control field | 980504s fr 000 0 fre d |
| 040 ## - CATALOGING SOURCE | |
| Original cataloging agency | AM-YeHGA |
| 041 0# - LANGUAGE CODE | |
| Language code of text/sound track or separate title | fre |
| 090 ## - LOCALLY ASSIGNED LC-TYPE CALL NUMBER (OCLC); LOCAL CALL NUMBER (RLIN) | |
| -- | 266447 |
| 100 1# - MAIN ENTRY--PERSONAL NAME | |
| Personal name | Շեքսպիր, Ուիլյամ, |
| Dates associated with a name | 1564-1616 |
| 9 (RLIN) | 4634 |
| 245 13 - TITLE STATEMENT | |
| Title | Le marchand de Venise / |
| Statement of responsibility, etc. | [Shakespeare]. |
| 260 ## - PUBLICATION, DISTRIBUTION, ETC. | |
| Place of publication, distribution, etc. | [Paris] : |
| Name of publisher, distributor, etc. | S.n., |
| Date of publication, distribution, etc. | s.a. |
| 650 14 - SUBJECT ADDED ENTRY--TOPICAL TERM | |
| Topical term or geographic name entry element | Shylock (Fictitious character) |
| Form subdivision | Drama. |
| 650 14 - SUBJECT ADDED ENTRY--TOPICAL TERM | |
| Topical term or geographic name entry element | Jews |
| Geographic subdivision | Italy |
| Form subdivision | Drama. |
| 651 14 - SUBJECT ADDED ENTRY--GEOGRAPHIC NAME | |
| Geographic name | Venice (Italy) |
| Form subdivision | Drama. |
| 650 14 - SUBJECT ADDED ENTRY--TOPICAL TERM | |
| Topical term or geographic name entry element | Moneylenders |
| Form subdivision | Drama. |
| 650 14 - SUBJECT ADDED ENTRY--TOPICAL TERM | |
| Topical term or geographic name entry element | Comedies. |
| 700 1# - ADDED ENTRY--PERSONAL NAME | |
| Personal name | Շեքսպիր, Ուիլյամ, |
| Dates associated with a name | 1564-1616 |
| Relationship information | Merchant of Venice. |
| 9 (RLIN) | 4634 |
| Withdrawn status | Lost status | Source of classification or shelving scheme | Damaged status | Not for loan | Collection | Home library | Current library | Date acquired | Serial enumeration / chronology | Total checkouts | Full call number | Barcode | Date last seen | Price effective from | Koha item type | Public note |
|---|---|---|---|---|---|---|---|---|---|---|---|---|---|---|---|---|
| Universal Decimal Classification | Merdinian Individual Collection | Fundamental Scientific Library | Fundamental Scientific Library | 29/12/2016 | T.p. is omitted | Merd/930 | FL0145743 | 29/12/2016 | 29/12/2016 | Գրքեր / Books | ILL Non-Circ. |
ՀՀ Գիտությունների ազգային ակադեմիայի հիմնարար գիտական գրադարան = Fundamental Scientific Library of NAS RA
All site content, except where otherwise noted, is licensed under a